[Event "Malta ol (Men)"]
[Site "La Valetta"]
[Date "1980.??.??"]
[Round "?"]
[White "Miles, Anthony J"]
[Black "Timman, Jan H"]
[Result "1/2-1/2"]
[WhiteElo "2545"]
[BlackElo "2600"]

1.d4 Nf6 2.c4 g6 3.Nc3 d5 4.cxd5 Nxd5 5.e4 Nxc3 6.bxc3 Bg7 7.Be3 c5 8.Qd2 cxd4
9.cxd4 O-O 10.Nf3 Nc6 11.h3 Qa5 12.Qxa5 Nxa5 13.Rc1 e6 14.Be2 b6 15.Ne5 Bb7
16.f3 Rac8 17.Kf2 f5 18.exf5 exf5 19.Bd2 Rfd8 20.Rxc8 Bxc8 21.Bxa5 bxa5 22.Rc1 Be6
23.Bc4 Bxc4 24.Rxc4 Bxe5 25.dxe5 Rd2+ 26.Ke3 Rxg2 27.Rc7 Rxa2 28.e6 f4+ 29.Kd4 Re2
30.Kd5 a4 31.Rxa7 a3 32.Rxa3 Kg7 33.Ra7+ Kh6 34.h4 g5 35.hxg5+ Kxg5 36.Kd6 Rd2+
37.Ke7 Kh4 38.Kf6 Kg3 39.Rxh7 Kxf3 40.Rh5 Rd8 41.Ke5 Ke3  1/2-1/2

[Event "Malta ol (Men)"]
[Site "La Valetta"]
[Date "1980.??.??"]
[Round "?"]
[White "Sakurai, Leonardo"]
[Black "Moraza, Manuel"]
[Result "0-1"]
[WhiteElo "2200"]
[BlackElo "2205"]

1.d4 Nf6 2.c4 g6 3.Nc3 d5 4.cxd5 Nxd5 5.e4 Nxc3 6.bxc3 Bg7 7.Bc4 O-O 8.Ne2 Nc6
9.O-O b6 10.Bg5 Na5 11.Bd3 Bb7 12.Qd2 c5 13.Bh6 cxd4 14.Bxg7 Kxg7 15.cxd4 Rc8
16.Rac1 Qd6 17.Qb2 Rxc1 18.Rxc1 Rc8 19.Rd1 Kg8 20.d5 Nc4 21.Qb3 Ne5 22.Bb1 Ba6
23.Nd4 Qc5 24.Nf3 Be2 25.Nxe5 Bxd1 26.Qxd1 Qc1 27.Qf1 Qxf1+ 28.Kxf1 Rc1+
29.Ke2 Rxb1 30.Nc6 Rb2+ 31.Ke3 Rxa2 32.Nxe7+ Kf8 33.Nc6 a5 34.Nd4 a4 35.e5 Rb2
36.d6 Ke8 37.Ke4 a3 38.Kd5 Rd2 39.Kc4 Rxd4+  0-1

[Event "NLD-ch"]
[Site "Leeuwarden"]
[Date "1980.??.??"]
[Round "2"]
[White "Ligterink, Gert"]
[Black "Van der Vliet, Fred"]
[Result "1/2-1/2"]
[WhiteElo "2455"]
[BlackElo "2380"]

1.d4 Nf6 2.c4 g6 3.Nc3 d5 4.cxd5 Nxd5 5.e4 Nxc3 6.bxc3 Bg7 7.Nf3 c5 8.Be3 O-O
9.Be2 cxd4 10.cxd4 Qa5+ 11.Nd2 Rd8 12.Rc1 Nc6 13.d5 Nd4 14.O-O Nxe2+ 15.Qxe2 e6
16.Nb3 Qa3 17.Rfd1 exd5 18.exd5 Qb2 19.Rd2 Qe5 20.Qd1 b6 21.Bd4 Qh5 22.Qxh5 gxh5
23.Bxg7 Kxg7 24.d6 Be6 25.Nd4 Rac8 26.Rc7 Kf6 27.Nxe6 Kxe6 28.Re7+ Kf6 29.g3 Rc6
30.Rxa7  1/2-1/2

[Event "Lone Pine"]
[Site "Lone Pine"]
[Date "1980.??.??"]
[Round "4"]
[White "Youngworth, Perry"]
[Black "Liberzon, Vladimir M"]
[Result "1/2-1/2"]
[WhiteElo "2290"]
[BlackElo "2545"]

1.d4 Nf6 2.c4 g6 3.Nc3 d5 4.cxd5 Nxd5 5.e4 Nxc3 6.bxc3 Bg7 7.Bc4 c5 8.Ne2 cxd4
9.cxd4 Nc6 10.Be3 O-O 11.O-O Bg4 12.f3 Na5 13.Bd3 Be6 14.d5 Bxa1 15.Qxa1 f6
16.Rb1 Bd7 17.Bh6 Rf7 18.e5 fxe5 19.Qxe5 Qb8 20.Qxb8+ Rxb8 21.Bd2 Bf5 22.Bxf5 Rxf5
23.Bxa5 Rxd5 24.Be1 b6 25.Nc3 Rc5 26.a4 Rd8 27.Kf2 Rd3 28.Rb3 Re5 29.Ra3 Kf7
30.Nb5 Rxa3 31.Nxa3 Rc5 32.Bd2 Ke6 33.Ke3 a6 34.Kd4 Rd5+ 35.Kc3 Rc5+ 36.Kd4 Rd5+
37.Kc3 Rc5+ 38.Kd4  1/2-1/2

[Event "Los Polvorines op"]
[Site "Los Polvorines"]
[Date "1980.??.??"]
[Round "?"]
[White "Restifa, Hector"]
[Black "Smyslov, Vassily"]
[Result "0-1"]
[WhiteElo "2200"]
[BlackElo "2550"]

1.d4 Nf6 2.c4 g6 3.Nc3 d5 4.cxd5 Nxd5 5.e4 Nxc3 6.bxc3 Bg7 7.Bc4 Nc6 8.Ne2 O-O
9.O-O Na5 10.Bd3 b6 11.Be3 Qd7 12.Qc2 Bb7 13.Rad1 Bc6 14.Qc1 Ba4 15.Rd2 e6
16.f4 f5 17.g4 fxe4 18.Bxe4 Nc4 19.Rd3 Rad8 20.Bf2 Bc6 21.Bxc6 Qxc6 22.Rh3 Qe4
23.Re1 Rd5 24.Rg3 Ra5 25.f5 exf5 26.Nf4 Qc6 27.d5 Rxd5 28.Nxd5 Qxd5 29.gxf5 Qxf5
30.Bd4 Bxd4+ 31.cxd4 Qf2+ 32.Kh1 Qxd4 33.Qg5 Nd2 34.Re7 Qd6 35.Qe3 Qc6+ 36.Kg1 Rf1+  0-1

[Event "Manchester Benedictine"]
[Site "Manchester"]
[Date "1980.??.??"]
[Round "4"]
[White "Pein, Malcolm"]
[Black "Gutman, Lev"]
[Result "1-0"]
[WhiteElo "2235"]
[BlackElo "2430"]

1.d4 Nf6 2.c4 g6 3.Nc3 d5 4.cxd5 Nxd5 5.e4 Nxc3 6.bxc3 Bg7 7.Bc4 O-O 8.Be3 Qd7
9.Ne2 b6 10.O-O Bb7 11.f3 Nc6 12.Bb5 a6 13.Ba4 Qc8 14.Rc1 Na5 15.c4 Bc6 16.c5 b5
17.Bb3 b4 18.d5 Bb5 19.Re1 Bxe2 20.Qxe2 Nxb3 21.axb3 e6 22.Qc4 exd5 23.exd5 a5
24.Bf4 Rd8 25.Re7 Qf5 26.d6 cxd6 27.cxd6 a4 28.bxa4 b3 29.g4 Qf6 30.Be5 Qxf3
31.Rf1 Rxa4 32.Qxa4 Qe3+ 33.Kh1 Bxe5 34.Qc4 Kh8 35.d7 b2 36.Re8+ Kg7 37.Qxf7+ Kh6
38.Qf8+ Kg5 39.Qe7+  1-0

[Event "New York Inv"]
[Site "New York"]
[Date "1980.??.??"]
[Round "3"]
[White "Keene, Raymond D"]
[Black "Chandler, Murray G"]
[Result "1/2-1/2"]
[WhiteElo "2460"]
[BlackElo "2450"]

1.d4 Nf6 2.c4 g6 3.Nc3 d5 4.cxd5 Nxd5 5.e4 Nxc3 6.bxc3 Bg7 7.Nf3 c5 8.Be3 Qa5
9.Bd2 O-O 10.Be2 Bg4 11.O-O Rd8 12.Rb1  1/2-1/2

[Event "New York Inv"]
[Site "New York"]
[Date "1980.??.??"]
[Round "10"]
[White "Alburt, Lev O"]
[Black "Chandler, Murray G"]
[Result "1/2-1/2"]
[WhiteElo "2515"]
[BlackElo "2450"]

1.d4 Nf6 2.c4 g6 3.Nc3 d5 4.cxd5 Nxd5 5.e4 Nxc3 6.bxc3 Bg7 7.Nf3 c5 8.Bb5+ Nc6
9.O-O cxd4 10.cxd4 O-O 11.Be3 Bg4 12.Bxc6 bxc6 13.Rc1 Qd6 14.Qa4 Rfc8 15.Rc5 Bxf3
16.gxf3 e5 17.dxe5 Bxe5 18.Kg2 Rc7 19.Rd1 Qf6 20.h4 h5 21.Qc4 Bf4 22.Bd4 Qxh4
23.Rh1 Qd8 24.Ba1 Bh6 25.Qc3 Kh7 26.Qe5 Qe7 27.Qxe7 Rxe7 28.Rxc6 Rb8 29.Rc4 Rd7
30.Be5 Rbd8 31.Bf6 Rb8 32.Ra4 Bg7 33.Bg5 Bh6 34.Bh4 Rb2 35.Bf6 Rbd2 36.Bc3 R2d3
37.Be5 Rb7 38.Re1 Rd2 39.Bc3 Rc2 40.Bd4 Rcc7 41.Re2  1/2-1/2

[Event "DDR-ch 29th"]
[Site "Plauen"]
[Date "1980.??.??"]
[Round "7"]
[White "Knaak, Rainer"]
[Black "Heinig, Wolfram"]
[Result "1-0"]
[WhiteElo "2535"]
[BlackElo "2330"]

1.d4 Nf6 2.c4 g6 3.Nc3 d5 4.cxd5 Nxd5 5.e4 Nxc3 6.bxc3 Bg7 7.Nf3 O-O 8.Be3 c5
9.Rc1 cxd4 10.cxd4 Bg4 11.Be2 e6 12.O-O Nc6 13.d5 exd5 14.exd5 Ne7 15.d6 Nc6
16.h3 Bd7 17.Qb3 Rb8 18.Rfd1 h6 19.Qa3 Re8 20.Bc4 Qf6 21.Rb1 a6 22.Bb6 Rbc8
23.Qb3 Bf8 24.Rd2 Nd8 25.Rbd1 Ne6 26.Bd5 Nd8 27.Bc7 b5 28.Nh2 Kg7 29.Rd3 Re5
30.Rf3 Rf5 31.Ng4 Rxf3 32.Bxf3 Qf5 33.Be4 Qe6 34.Bd5 Qf5 35.Rd3 Be6 36.Qb2+ f6
37.Rf3 Qxd5 38.Qxf6+ Kh7 39.Qxf8 Nf7 40.Nf6+  1-0

[Event "POL-ch"]
[Site "?"]
[Date "1980.??.??"]
[Round "6"]
[White "Pokojowczyk, Jerzy"]
[Black "Schmidt, Wlodzimierz"]
[Result "0-1"]
[WhiteElo "2380"]
[BlackElo "2430"]

1.d4 Nf6 2.c4 g6 3.Nc3 d5 4.cxd5 Nxd5 5.e4 Nxc3 6.bxc3 Bg7 7.Nf3 c5 8.Be3 Qa5
9.Qd2 Nc6 10.Rb1 cxd4 11.cxd4 Qxd2+ 12.Kxd2 e6 13.d5 exd5 14.exd5 Na5 15.Bb5+ Bd7
16.Bxd7+ Kxd7 17.Rhc1 Bf6 18.Kd3 b6 19.Rb4 Bg7 20.Ng5 f5 21.Bf4 Rac8 22.Rbb1 Nb7
23.Ne6 Bf6 24.Bc7 Be7 25.Rc6 Rhe8 26.Rc2 Nc5+ 27.Nxc5+ Bxc5 28.Bf4 Re4 29.Be3 Re5
30.Rxc5 Rxe3+ 31.fxe3 Rxc5 32.e4 fxe4+ 33.Kxe4 Rc2 34.a3 Rxg2 35.Rf1 Rxh2
36.Rf7+ Kd6 37.Rxa7 Rh4+ 38.Kf3 Kxd5 39.Kg3 g5 40.Rg7 h6 41.Rg6 Kc5 42.a4 Rxa4  0-1

[Event "Rubinstein mem"]
[Site "Polanica Zdroj"]
[Date "1980.??.??"]
[Round "1"]
[White "Tomaszewski, Roman"]
[Black "Schmidt, Wlodzimierz"]
[Result "1/2-1/2"]
[WhiteElo "2365"]
[BlackElo "2430"]

1.d4 Nf6 2.c4 g6 3.Nc3 d5 4.cxd5 Nxd5 5.e4 Nxc3 6.bxc3 Bg7 7.Nf3 c5 8.Be3 Qa5
9.Qd2 O-O 10.Rc1 cxd4 11.cxd4 Qxd2+ 12.Kxd2 Rd8 13.Bb5 Bg4 14.Rc7 Nc6 15.d5 Rab8
16.Bf4 Bxf3 17.gxf3 e6 18.Bxc6 bxc6 19.Rxc6 Rb2+ 20.Rc2 exd5 21.Rxb2 Bxb2
22.Ke2 dxe4 23.fxe4 Rd4 24.Kf3 Ra4 25.Rd1 Rxa2 26.Bh6 f5 27.Rd8+ Kf7 28.Rd7+ Ke6
29.Rxh7 fxe4+ 30.Kxe4 Ra4+ 31.Kf3 Rh4 32.Rb7 Rxh6 33.Rxb2 Rxh2 34.Ra2 Rh7
35.Kg4 Rb7 36.Ra6+ Kf7 37.f4  1/2-1/2

[Event "Rome"]
[Site "Rome"]
[Date "1980.??.??"]
[Round "7"]
[White "Toth, Bela"]
[Black "Castro Rojas, Oscar Humberto"]
[Result "1/2-1/2"]
[WhiteElo "2390"]
[BlackElo "2420"]

1.d4 Nf6 2.c4 g6 3.Nc3 d5 4.cxd5 Nxd5 5.e4 Nxc3 6.bxc3 Bg7 7.Bc4 c5 8.Ne2 O-O
9.O-O Nc6 10.Be3 Qc7 11.Rc1 Rd8 12.Qd2 Ne5 13.Bb3 Ng4 14.Bf4 e5 15.Bg3 Qe7
16.Bd5 Be6 17.dxe5 c4 18.f4 Bxd5 19.exd5 Qc5+ 20.Nd4 Rxd5 21.Qe2 Qc8 22.Rce1 Nh6
23.Qe4 Qd7 24.f5 Nxf5 25.Nxf5 gxf5 26.Rxf5 Rd8 27.Bh4 Rd1 28.Rxd1 Qxd1+ 29.Rf1 Qd5
30.Qg4 h5 31.Qxh5 Re8 32.Qg4 Qe6 33.Qxe6 Rxe6 34.Rb1 Bxe5 35.Rxb7 Bxc3 36.Kf1 Be5
37.Rxa7 c3 38.Ra8+ Kh7 39.Rc8 Ra6 40.Rc5 f6 41.Be1 Ra3 42.g4 Rxa2  1/2-1/2

[Event "Sarajevo"]
[Site "Sarajevo"]
[Date "1980.??.??"]
[Round "?"]
[White "Kelecevic, Nedeljko"]
[Black "Hort, Vlastimil"]
[Result "1/2-1/2"]
[WhiteElo "2380"]
[BlackElo "2595"]

1.d4 Nf6 2.c4 g6 3.Nc3 d5 4.cxd5 Nxd5 5.e4 Nxc3 6.bxc3 Bg7 7.Bc4 O-O 8.Ne2 c5
9.O-O Nc6 10.Be3 Bg4 11.f3 Na5 12.Bd3 cxd4 13.cxd4 Be6 14.d5 Bxa1 15.Qxa1 f6
16.Rb1 b6 17.Bh6 Qd6 18.Bxf8 Rxf8 19.Rc1 Bd7 20.Qd4 Rc8 21.Rxc8+ Bxc8 22.f4 Bb7
23.g4 h6 24.h3 g5 25.Ng3 Qxf4 26.Nf5 Qc1+ 27.Kg2  1/2-1/2

[Event "Sochi"]
[Site "Sochi"]
[Date "1980.??.??"]
[Round "8"]
[White "Knaak, Rainer"]
[Black "Jansa, Vlastimil"]
[Result "1-0"]
[WhiteElo "2535"]
[BlackElo "2480"]

1.d4 Nf6 2.c4 g6 3.Nc3 d5 4.cxd5 Nxd5 5.e4 Nxc3 6.bxc3 Bg7 7.Be3 O-O 8.Rc1 b6
9.Nf3 Bb7 10.Bd3 Nd7 11.O-O e5 12.Re1 h6 13.Qc2 Qe7 14.Nd2 Rad8 15.Nc4 Rfe8
16.f3 Kh7 17.Rcd1 exd4 18.cxd4 c5 19.d5 Ne5 20.Nxe5 Qxe5 21.Qd2 Qc3 22.Bxh6 Bxd5
23.Bb5 Qxd2 24.Bxd2 Bxa2 25.Bxe8 Rxe8 26.Be3 a5 27.Rd6 Re6 28.Rd7 Rc6 29.f4 a4
30.e5 b5 31.Rc1 Bc4 32.Ra7 Bf8 33.g4 Kg8 34.Ra8 Be6 35.Rxc5 Rb6 36.Rc7  1-0

[Event "Stary Smokovec"]
[Site "Stary Smokovec"]
[Date "1980.??.??"]
[Round "3"]
[White "Szilagyi, Gyorgy"]
[Black "Cosic, Marin"]
[Result "1/2-1/2"]
[WhiteElo "2375"]
[BlackElo "2270"]

1.d4 Nf6 2.c4 g6 3.Nc3 d5 4.cxd5 Nxd5 5.e4 Nxc3 6.bxc3 Bg7 7.Nf3 O-O 8.Be3 c5
9.Rc1 Qa5 10.Qd2 Qa4 11.Be2 Rd8 12.O-O Bg4 13.Bd1 Qd7 14.d5 b6 15.h3 Bxf3
16.Bxf3 Qd6 17.Rfd1 Nd7 18.Be2 Nf6 19.f3 h5 20.Bb5 e5 21.dxe6 Qxe6 22.Qxd8+ Rxd8
23.Rxd8+ Kh7 24.Rd2 Bh6 25.Bxh6 Kxh6 26.Kf2 g5 27.Bf1 Qe5 28.Ke1 Qf4 29.Kd1 Nxe4
30.fxe4 Qxf1+ 31.Kc2 Qc4 32.Kb2 Qxe4 33.Rf1 Kg7 34.Rff2 b5 35.Rd7 Qc4 36.Rxa7 b4
37.Raxf7+ Kg8  1/2-1/2

[Event "Stary Smokovec"]
[Site "Stary Smokovec"]
[Date "1980.??.??"]
[Round "6"]
[White "Lakic, Nikola"]
[Black "Banas, Jan"]
[Result "1/2-1/2"]
[WhiteElo "2395"]
[BlackElo "2365"]

1.d4 Nf6 2.c4 g6 3.Nc3 d5 4.cxd5 Nxd5 5.e4 Nxc3 6.bxc3 Bg7 7.Nf3 O-O 8.Be3 c5
9.Be2 Qa5 10.O-O Qxc3 11.Rc1 Qa3 12.Rxc5 Qxa2 13.Bc4 Qa3 14.Bc1 Qb4 15.Bd2 Qa3
16.Re1 Bg4 17.Re3 Qb2 18.Bc3 Qb6 19.Ba5 Qb2 20.e5 Nc6 21.Bc3 Qb6 22.Rb5 Qc7
23.Qb3  1/2-1/2

[Event "SWE-ch"]
[Site "?"]
[Date "1980.??.??"]
[Round "?"]
[White "Runnby, Jan"]
[Black "Welin, Thomas"]
[Result "1/2-1/2"]
[WhiteElo "2200"]
[BlackElo "2215"]

1.d4 Nf6 2.c4 g6 3.Nc3 d5 4.cxd5 Nxd5 5.e4 Nxc3 6.bxc3 Bg7 7.Nf3 b6 8.Bb5+ c6
9.Bc4 O-O 10.O-O Bb7 11.Be3  1/2-1/2

[Event "Tirnavia-A"]
[Site "Trnava"]
[Date "1980.??.??"]
[Round "4"]
[White "Knaak, Rainer"]
[Black "Popovic, Petar"]
[Result "1-0"]
[WhiteElo "2535"]
[BlackElo "2490"]

1.d4 Nf6 2.c4 g6 3.Nc3 d5 4.cxd5 Nxd5 5.e4 Nxc3 6.bxc3 Bg7 7.Nf3 c5 8.Be3 O-O
9.Rc1 e6 10.Qd2 b6 11.h4 h5 12.Be2 Bb7 13.Ng5 cxd4 14.cxd4 Nc6 15.Rd1 Qd6
16.e5 Qe7 17.O-O Rfd8 18.Qb2 Qb4 19.Qa1 Rac8 20.Rb1 Qa4 21.Bb5 Qa3 22.Rb3 Qf8
23.Qb2 Ne7 24.Ra3 Ra8 25.Bd2 a6 26.Bd3 Nc6 27.Be3 b5 28.Rb3 Rac8 29.a4 Na5
30.Rc3 bxa4 31.Ra1 Qe8 32.Rxc8 Bxc8 33.Qb6 Nb3 34.Rxa4 Nc5 35.dxc5 Rxd3 36.Rd4 Rxd4
37.Bxd4 Bd7 38.Ne4 Qa8 39.Nd6  1-0

[Event "CSR-ch"]
[Site "Trnava"]
[Date "1980.??.??"]
[Round "8"]
[White "Mista, Ladislav"]
[Black "Trapl, Jindrich"]
[Result "0-1"]
[WhiteElo "2360"]
[BlackElo "2380"]

1.d4 Nf6 2.c4 g6 3.Nc3 d5 4.cxd5 Nxd5 5.e4 Nxc3 6.bxc3 Bg7 7.Bc4 O-O 8.Ne2 c5
9.O-O Nc6 10.Be3 cxd4 11.cxd4 Na5 12.Bd3 b6 13.Rc1 e6 14.e5 Bb7 15.Nf4 Qh4
16.g3 Qe7 17.Qg4 Rfd8 18.h4 Nc6 19.Bb1 Bxe5 20.Nxe6 Rd6 21.dxe5 Nxe5 22.Rc7 Qxc7
23.Nxc7 Nxg4 24.Bf4 Rad8 25.Bxd6 Rxd6 26.Nb5 Rd2 27.a4 Rb2 28.f3  0-1

[Event "Baden"]
[Site "Vienna"]
[Date "1980.??.??"]
[Round "12"]
[White "Beliavsky, Alexander G"]
[Black "Adorjan, Andras"]
[Result "1-0"]
[WhiteElo "2590"]
[BlackElo "2550"]

1.d4 Nf6 2.c4 g6 3.Nc3 d5 4.cxd5 Nxd5 5.e4 Nxc3 6.bxc3 Bg7 7.Nf3 c5 8.Be3 Qa5
9.Bd2 O-O 10.Be2 Bg4 11.O-O e6 12.a4 Nc6 13.Rb1 Qc7 14.d5 exd5 15.exd5 Na5
16.Qc1 Rfe8 17.Be3 b6 18.Re1 Rad8 19.Bb5 Re4 20.Bg5 Rxe1+ 21.Qxe1 f6 22.Bh4 Qf7
23.Ne5 fxe5 24.Bxd8 Qxd5 25.Bg5 h6 26.Qd2 Qxd2 27.Bxd2 Be6 28.Be1 Kf7 29.Rd1 Ke7
30.f3 g5 31.h4 Nb7 32.hxg5 hxg5 33.Bd2 Bf6 34.Kf2 Nd6 35.Rh1 Bf5 36.Bc6 Kf7
37.Ra1 e4 38.Bd5+ Kg6 39.a5 b5 40.Re1 exf3 41.gxf3 c4 42.Rg1 Kh5 43.a6 Bc8
44.f4 g4 45.f5  1-0

[Event "Warsaw Cup"]
[Site "Warsaw"]
[Date "1981.06.23"]
[Round "2"]
[White "Panczyk, Krzysztof"]
[Black "Pribyl, Josef"]
[Result "1/2-1/2"]
[WhiteElo "2365"]
[BlackElo "2435"]

1.d4 Nf6 2.c4 g6 3.Nc3 d5 4.cxd5 Nxd5 5.e4 Nxc3 6.bxc3 Bg7 7.Bc4 Nc6 8.Ne2 O-O
9.O-O e5 10.d5 Na5 11.Bd3 c5 12.c4 f5 13.f3 b6 14.Bd2 Nb7 15.a4 f4 16.a5 Nxa5
17.Bxa5 bxa5 18.Qa4 Rf6 19.Qxa5 Qe7 20.Nc3 Bf8 21.Nb5 g5 22.Qc7 a6 23.Rfb1 Qxc7
24.Nxc7 Ra7 25.Nb5 Rb7  1/2-1/2

[Event "Bangalore"]
[Site "Bangalore"]
[Date "1981.??.??"]
[Round "7"]
[White "Dydyshko, Viacheslav"]
[Black "Thipsay, Praveen Mahadeo"]
[Result "1-0"]
[WhiteElo "2445"]
[BlackElo "2390"]

1.d4 Nf6 2.c4 g6 3.Nc3 d5 4.cxd5 Nxd5 5.e4 Nxc3 6.bxc3 Bg7 7.Bc4 O-O 8.Ne2 Nc6
9.O-O b6 10.Bg5 Na5 11.Bd3 Qd7 12.Qd2 Bb7 13.Rab1 e6 14.Rfd1 Rac8 15.f3 c5
16.Bb5 Bc6 17.dxc5 Qxd2 18.Rxd2 bxc5 19.Ba6 Rb8 20.Rxb8 Rxb8  1-0

[Event "Banja Luka"]
[Site "Banja Luka"]
[Date "1981.??.??"]
[Round "?"]
[White "Lakic, Nikola"]
[Black "Sax, Gyula"]
[Result "0-1"]
[WhiteElo "2355"]
[BlackElo "2560"]

1.d4 Nf6 2.c4 g6 3.Nc3 d5 4.cxd5 Nxd5 5.e4 Nxc3 6.bxc3 Bg7 7.Nf3 c5 8.Rb1 O-O
9.Be2 Nc6 10.d5 Ne5 11.Nd2 f5 12.f4 Ng4 13.Bxg4 fxg4 14.O-O Bxc3 15.Nc4 b6
16.Ne5 Ba6 17.Re1 Qd6 18.g3 e6 19.Bb2 Bxb2 20.Rxb2 exd5 21.exd5 Rad8 22.Rd2 c4
23.Nc6 Qc5+ 24.Rf2 Rde8 25.Ne5 Bb7 26.d6 Rxe5 27.Rxe5 Qc6 28.Kf1 Qh1+ 29.Ke2 Bf3+
30.Rxf3 gxf3+ 31.Kd2 c3+ 32.Kc2 Qxd1+ 33.Kxd1 f2  0-1

[Event "Elekes mem-B"]
[Site "Budapest"]
[Date "1981.??.??"]
[Round "?"]
[White "Szmetan, Ricardo"]
[Black "Banas, Jan"]
[Result "0-1"]
[WhiteElo "2380"]
[BlackElo "2380"]

1.c4 Nf6 2.Nc3 d5 3.cxd5 Nxd5 4.d4 g6 5.e4 Nxc3 6.bxc3 Bg7 7.Nf3 O-O 8.Be3 c5
9.Qd2 cxd4 10.cxd4 b6 11.Bh6 Bb7 12.Bxg7 Kxg7 13.Bd3 e6 14.O-O Nc6 15.Bb5 Qd6
16.Rac1 Rfd8 17.Bxc6 Bxc6 18.d5 Bb7 19.Qc3+ Kg8 20.Qc7 Ba6 21.dxe6 Qxe6 22.Ng5 Qf6
23.f4 Bxf1 24.Rxf1 Qd4+ 25.Kh1  0-1

[Event "Elekes mem-B"]
[Site "Budapest"]
[Date "1981.??.??"]
[Round "?"]
[White "Blaeser, P."]
[Black "Lehmann, Heinz Dr"]
[Result "1/2-1/2"]
[WhiteElo "2200"]
[BlackElo "2355"]

1.d4 Nf6 2.c4 g6 3.Nc3 d5 4.cxd5 Nxd5 5.e4 Nxc3 6.bxc3 Bg7 7.Nf3 O-O 8.Bc4 c5
9.Be3 Nc6 10.Qd2 cxd4 11.cxd4 Qa5 12.Qxa5 Nxa5 13.Bd3 Be6 14.Rc1 Bxa2 15.Ke2 Nc6
16.d5 Nb4 17.Rc7 Nxd3 18.Kxd3 b5 19.Rxa7 Bc4+ 20.Kd2 Rxa7 21.Bxa7 Ra8 22.Bd4 Ra2+
23.Kc3 Rxf2 24.e5 Re2 25.d6 exd6 26.exd6 Re8 27.Bxg7 Kxg7 28.Kb4 Kf6 29.Kc5 Rc8+
30.Kb6 Be6 31.Rd1  1/2-1/2

[Event "Caorle op"]
[Site "Caorle"]
[Date "1981.??.??"]
[Round "2"]
[White "Weber, Siegfried"]
[Black "Wagman, Stuart"]
[Result "1-0"]
[WhiteElo "2000"]
[BlackElo "2235"]

1.d4 Nf6 2.c4 g6 3.Nc3 d5 4.cxd5 Nxd5 5.e4 Nxc3 6.bxc3 Bg7 7.Nf3 c5 8.Be3 O-O
9.Rc1 Nd7 10.Be2 Nf6 11.Nd2 cxd4 12.cxd4 Qa5 13.O-O Qxa2 14.Ra1 Qe6 15.d5 Qe5
16.Bf3 Bd7 17.Rxa7 Rxa7 18.Bxa7 Bb5 19.Re1 Ra8 20.Be3 Bd3 21.g3 g5 22.Qb3 Bxe4
23.Nxe4 Nxe4 24.Qxb7 Ra1 25.Rxa1 Qxa1+ 26.Kg2 Qe5 27.h4 Bf6 28.Qc8+ Kg7 29.Qg4  1-0

[Event "Politiken Cup"]
[Site "Copenhagen"]
[Date "1981.??.??"]
[Round "6"]
[White "Petursson, Margeir"]
[Black "Brinck Claussen, Bjorn"]
[Result "0-1"]
[WhiteElo "2445"]
[BlackElo "2375"]

1.d4 Nf6 2.c4 g6 3.Nc3 d5 4.cxd5 Nxd5 5.e4 Nxc3 6.bxc3 Bg7 7.Nf3 c5 8.Be3 Qa5
9.Qd2 O-O 10.Rc1 Bg4 11.d5 Bxf3 12.gxf3 c4 13.Be2 Nd7 14.O-O Rac8 15.Rfd1 Rfd8
16.f4 Nc5 17.e5 Nd3 18.Bxd3 Rxd5 19.Qb2 Rxd3 20.Qxb7 Rcd8 21.Rxd3 cxd3 22.Bd4 Qa4
23.Qb1 Bh6 24.Rd1 Bxf4 25.Rxd3 Qd7 26.Qd1 Bxe5 27.Qf3 h5 28.h3 Qb5 29.a4 Qc4
30.Qe4 Bxd4 31.Rxd4 Rxd4 32.cxd4 Qxa4 33.Qa8+ Kg7 34.d5 Qa3 35.Qb8 a5 36.Qe5+ f6
37.Qc7 a4 38.Qd7 Kh6 39.Qd8 Kg5 40.Qa5 Kh6 41.Qa8 Qb4 42.Qg8 Qe1+ 43.Kg2 Qe4+
44.f3 Qe2+ 45.Kg3 Qe5+  0-1

[Event "DDR-ch 30th"]
[Site "Fuerstenwalde"]
[Date "1981.??.??"]
[Round "9"]
[White "Gruenberg, Hans Ulrich"]
[Black "Heinig, Wolfram"]
[Result "1-0"]
[WhiteElo "2435"]
[BlackElo "2365"]

1.d4 Nf6 2.c4 g6 3.Nc3 d5 4.cxd5 Nxd5 5.e4 Nxc3 6.bxc3 Bg7 7.Nf3 c5 8.Be3 Qa5
9.Bd2 O-O 10.Be2 Bg4 11.O-O Qa3 12.Rb1 cxd4 13.cxd4 Qxa2 14.Rxb7 e6 15.Qc1 a5
16.Bc4 Qa4 17.Bb5 Qb3 18.Ne5 Be2 19.Ba6 Bxf1 20.Rxb3 Bxa6 21.Bh6 Rc8 22.Qf4 f6
23.Bxg7 Kxg7 24.Ng4 Nd7 25.Qh6+ Kh8 26.Rh3 Nf8 27.Nxf6 Ra7 28.Rf3 Rg7 29.h4 a4
30.Qg5 Bb7 31.Qe5  1-0

[Event "DDR-ch 30th"]
[Site "Fuerstenwalde"]
[Date "1981.??.??"]
[Round "10"]
[White "Knaak, Rainer"]
[Black "Gauglitz, Gernot"]
[Result "1-0"]
[WhiteElo "2495"]
[BlackElo "2235"]

1.d4 Nf6 2.c4 g6 3.Nc3 d5 4.cxd5 Nxd5 5.e4 Nxc3 6.bxc3 Bg7 7.Bc4 c5 8.Ne2 cxd4
9.cxd4 Nc6 10.Be3 O-O 11.O-O Bg4 12.f3 Na5 13.Bd3 Be6 14.d5 Bxa1 15.Qxa1 f6
16.Qb1 Bf7 17.Nd4 Rc8 18.Qb4 b6 19.Ba6 Rc5 20.Bh6 Qc7 21.Bxf8 Kxf8 22.Qd2 Kg7
23.Rb1 Nc4 24.Bxc4 Rxc4 25.Rd1 Qd6 26.h4 h5 27.Qf2 Qc5 28.Rd2 a6 29.g3 b5
30.Kg2 Rc1 31.Nb3 Qxf2+ 32.Kxf2 Rc3 33.f4 Be8 34.e5 fxe5 35.fxe5 Bd7 36.Nd4 b4
37.Rc2 Rxc2+ 38.Nxc2 a5 39.Nd4 a4 40.Ke3 Bf5 41.Nxf5+ gxf5 42.Kd3  1-0

[Event "Bundesliga 8081"]
[Site "Germany"]
[Date "1981.??.??"]
[Round "?"]
[White "Nautsch, Werner"]
[Black "Herbrechtsmeier, Christof"]
[Result "1-0"]
[WhiteElo "2340"]
[BlackElo "2350"]

1.d4 Nf6 2.c4 g6 3.Nc3 d5 4.cxd5 Nxd5 5.e4 Nxc3 6.bxc3 Bg7 7.Bc4 Qd7 8.Be3 O-O
9.Ne2 b6 10.O-O Bb7 11.f3 Nc6 12.Qa4 a6 13.Qc2 Rac8 14.Rad1 Rfd8 15.Nf4 Qe8
16.Qe2 Nb8 17.Qf2 Nd7 18.e5 e6 19.Qh4 b5 20.Bb3 Nb6 21.Nd3 Ra8 22.Bg5 Rdb8
23.Nc5 a5 24.Bc2 Bd5 25.Be4 c6 26.f4 Ra7 27.Rf3 Qf8 28.Rh3 h6 29.g4 Nd7 30.Be7 Qe8
31.f5 Nxc5 32.Bxc5 g5 33.Qe1 Rd7 34.f6 Bf8 35.Bxf8 Qxf8 36.Bb1 Qa3 37.Qe3 Qb2
38.Be4 Bxe4 39.Qxe4  1-0

[Event "DSV-Turnier"]
[Site "Halle"]
[Date "1981.??.??"]
[Round "11"]
[White "Alexandria, Nana"]
[Black "Pavlov, Mircea"]
[Result "1/2-1/2"]
[WhiteElo "2295"]
[BlackElo "2415"]

1.d4 Nf6 2.c4 g6 3.Nc3 d5 4.cxd5 Nxd5 5.e4 Nxc3 6.bxc3 Bg7 7.Ba3 O-O 8.Nf3 b6
9.Bd3 c5 10.O-O Qc7 11.Rc1 Nc6 12.h3 e5 13.dxc5 Rd8 14.Qe2 Na5 15.Bb4 bxc5
16.Bxa5 Qxa5 17.Bc4 Bd7 18.Rfd1 Be8 19.Bd5 Rab8 20.Qc4 Bf6 21.Rb1 Kg7 22.Nd2 Be7
23.Qd3 f6 24.Nc4 Qa4 25.Qd2 Bf8 26.Rxb8 Rxb8 27.Re1 Rd8 28.Nb2 Qxa2 29.Qc1 Qa3
30.Qc2 Rb8 31.Re2 a5 32.Kh2 Qa1 33.Nc4 a4 34.Ne3 h5 35.Ba2 a3 36.Nc4 Rb2
37.Nxb2 Qxa2 38.Nd3 Qxc2 39.Rxc2 c4 40.Nb4 f5 41.Ra2 fxe4 42.Rxa3 Bc5 43.Ra2 e3
44.fxe3 Bxe3 45.Kg3 g5 46.Kf3 Bf4 47.Ra7+ Kh6 48.Ra6+ Bg6 49.Rc6 g4+ 50.hxg4 Kg5
51.Rxc4 hxg4+ 52.Ke2 Kh4 53.Kf2 Bg3+ 54.Ke2 Bf4 55.Kf2 Bg3+ 56.Kf1 Bf4  1/2-1/2

[Event "DDR-ch U18"]
[Site "Ilmenau"]
[Date "1981.??.??"]
[Round "?"]
[White "Mirschinka, Dirk"]
[Black "Voekler, Bernd"]
[Result "1-0"]
[WhiteElo "2200"]
[BlackElo "2200"]

1.d4 Nf6 2.c4 g6 3.Nc3 d5 4.cxd5 Nxd5 5.e4 Nxc3 6.bxc3 Bg7 7.Nf3 c5 8.Be2 Nc6
9.Be3 Bg4 10.e5 O-O 11.h3 Bf5 12.O-O Qc7 13.Nh4 Be6 14.f4 Rad8 15.Qc1 cxd4
16.cxd4 Qc8 17.Qc3 f6 18.Rac1 Bh6 19.Bc4 Bxc4 20.Qxc4+ Kh8 21.d5 Nb8 22.Qe4 f5
23.Qd4 Nc6 24.Qc5 Nxe5 25.Bd4  1-0

[Event "Keszthely"]
[Site "Keszthely"]
[Date "1981.??.??"]
[Round "13"]
[White "Chandler, Murray G"]
[Black "Banas, Jan"]
[Result "1-0"]
[WhiteElo "2455"]
[BlackElo "2375"]

1.d4 Nf6 2.c4 g6 3.Nc3 d5 4.cxd5 Nxd5 5.e4 Nxc3 6.bxc3 Bg7 7.Nf3 c5 8.Be3 O-O
9.Rc1 e6 10.d5 exd5 11.exd5 Nd7 12.Be2 Nf6 13.c4 Ne4 14.O-O b6 15.Bd3 Nd6
16.Bg5 Bf6 17.Bf4 Bg4 18.Re1 Bxf3 19.Qxf3 Bg5 20.Re5 Bxf4 21.Qxf4 Re8 22.Rxe8+ Nxe8
23.Re1 Nd6 24.h4 Qc7 25.h5 Re8 26.Re5 Rxe5 27.Qxe5 Qd8 28.g3 f6 29.Qe6+ Kg7
30.g4 Nf7 31.f4 Nd6 32.Kf2 gxh5 33.gxh5 Kh6 34.Kf3 a6 35.a4 a5 36.Kf2 Ne8
37.Qg8 Qe7 38.Qh8 f5 39.Bxf5 Kxh5 40.Qe5 Qh4+ 41.Kg2 Nf6 42.d6 Kh6 43.Qe7  1-0

[Event "BKL-Turnier"]
[Site "Leipzig"]
[Date "1981.??.??"]
[Round "6"]
[White "Starck, Bodo"]
[Black "Gross, Stefan"]
[Result "1-0"]
[WhiteElo "2325"]
[BlackElo "2390"]

1.d4 Nf6 2.c4 g6 3.Nc3 d5 4.cxd5 Nxd5 5.e4 Nxc3 6.bxc3 Bg7 7.Bc4 O-O 8.Ne2 Nc6
9.Be3 Qd7 10.O-O b6 11.Rc1 Bb7 12.Qd2 e6 13.Bh6 Na5 14.Bxg7 Kxg7 15.Bd3 c5
16.h4 Qe7 17.Qf4 Nc6 18.e5 cxd4 19.cxd4 Nb4 20.Bc4 Rac8 21.h5 Bd5 22.Bxd5 Nxd5
23.h6+ Kg8 24.Qd2 b5 25.Ng3 Qh4 26.Rc5 Nf4 27.Rfc1 Rxc5 28.dxc5 Qxh6 29.Rc2 Qg5
30.c6 Rd8 31.c7 Rxd2 32.Rxd2 Nh3+ 33.gxh3 Qxd2 34.c8=Q+ Kg7 35.Qc5 b4 36.Kg2 Qxa2
37.Qxb4 a5 38.Qf4 a4 39.Ne4 Qd5 40.Kg3 a3 41.Nd6 Qd3+ 42.f3  1-0

[Event "POL-chT"]
[Site "Lubniewice"]
[Date "1981.??.??"]
[Round "2"]
[White "Balcerowski, Witold"]
[Black "Schmidt, Wlodzimierz"]
[Result "1/2-1/2"]
[WhiteElo "2355"]
[BlackElo "2495"]

1.d4 Nf6 2.c4 g6 3.Nc3 d5 4.cxd5 Nxd5 5.e4 Nxc3 6.bxc3 Bg7 7.Bc4 c5 8.Ne2 O-O
9.O-O Nc6 10.Be3 Na5 11.Bd3 cxd4 12.cxd4 b6 13.Rc1 e6 14.Qd2 Bb7 15.Bh6 Qe7
16.Bxg7 Kxg7 17.Rc3 Rac8 18.Rfc1 Rxc3  1/2-1/2